Normal view MARC view
  • Carrera Aizpitarte, Luciana

Entry Nombre Personal

Number of records used in: 1

001 - NUMERO DE CONTROL

  • campo de control: 46068

003 - IDENTIFICADOR DE NUMERO DE CONTROL

  • campo de control: UPN

005 - FECHA Y HORA DE LA ÜLTIMA TRANSACCIÓN

  • campo de control: 20220920123021.0

008 - DATOS DE LONGITUD FIJA

  • campo de control de longitud fija: 220905|| aca||aabn | a|a d

040 ## - FUENTE DE CATALOGACIÓN

  • Agencia original de catalogación: MX-MxUPN
  • Lenguaje de catalogación: spa
  • Agencia de transcripción: MX-MxUPN

100 1# - ENCABEZAMIENTO - NOMBRE PERSONAL

  • Nombre personal: Carrera Aizpitarte, Luciana

371 ## - DIRECCIÓN

  • Electronic mail address: lucianacarrera@gmail.com)

373 ## - GRUPO ASOCIADO

  • Associated group: Universidad Nacional de la Plata. Facultad de Humanidades y Ciencias de la Educación

374 ## - OCUPACIÓN

  • Occupation: Profesora universitaria
  • Occupation: Investigadora

375 ## - GÉNERO

  • Gender: femenino

377 ## - LENGUA ASOCIADA

  • Language code: spa

400 1# - VEÁSE - NOMBRE DE PERSONA

  • Personal name: Aizpitarte, Luciana Carrera

670 ## - FUENTE EN LA QUE SE LOCALIZARON DATOS

  • Cita de la fuente: En la obra:
  • Información localizada: página 302 (Luciana Carrera Aizpitarte es Profesora en Filosofía. Se desempeña como docente e investigadora de la Facultad de Humanidades y Ciencias de la Educación de la Universidad Nacional de la Plata (UNLP), correo electrónico: lucianacarrera@gmail.com)

902 ## - CATALOGADOR

  • Catalogador: NDAF/200922